00423nam a2200157Ia 4500008004100000020001500041041000800056082001800064100002400082245004200106250000600148260004200154300001200196650003300208700002400241210716s1995 xx 000 0 und d a8120314786 aeng a621.3822 TOMW aTompkins, Willis J. aBiomedical digital signal processing. a1 aNew DelhibPHI Learning Pvt Ltdc1995 axiv,368 aSignal Processing (621.3822) aTompkins, Willis J.